000
00298nam a22001337a 4500
008
170714b xxu||||| |||| 00| 0 eng d
020
_a
9780679733416
041
_a
eng
080
_a
17
100
_a
23
101
_a
FIL
245
_a
GOD AND THE AMERICAN WRITER
_c
KAZIN.A
942
_2
udc
_c
BK
999
_c
20726
_d
20726